000 01213nam a2200241Ia 4500
003 Ost
005 20260416102352.0
008 260416s9999||||xx |||||||||||||| ||und||
040 _cfsecg
041 _aara
082 _a338.5
100 _aبوسعدة، سعيدة
_eمؤلف
245 0 _a الإقتصاد الجزئي 2 /
_c سعيدة بوسعدة
260 _aالجزائر
_bجامعة الجزائر3: كلية العلوم الإقتصادية، العلوم التجارية وعلوم التسيير
_c2017
300 _a150 ورقة
_bايضاحات
_c30 سم
504 _aمراجع ص.148 كشاف مصطلحات ص.146
520 _aتحليل سلوك المنتج نظرية الانتاج، توازن المنتج نظرية التكاليف، المنافسة العامة، المنافسة الاحتكارية، احتكار القلة، الاحتكار المطلق
653 _aالاقتصاد الجزئي
653 _aالانتاج
653 _aالمنافسة الاحتكارية
710 _aجامعة الجزائر3: كلية العلوم الإقتصادية، العلوم التجارية وعلوم التسيير
_eناشر علمي
942 _cHANDOUT
999 _c41040
_d41040